00541cam a2200181 a 4500001000800000005001700008008004100025020001500066040001800081082002300099100002400122245009200146250001200238260005900250300001800309650002200327650001000349399499820240304034045.0960125s1995 ce a b 000 0ceng  a9559579703 aDLCcDLCdDLC 222a323.334.bWOM.1 aWijesekera, Chitra.10aWomen in our legislature :bA Sri-Lanka study from 1931 to 1977 /c Chitra Wijesekera. a1st ed. aRatmalana, Sri Lanka :bSarvodaya Vishva Lekha,c1995. axvi, 283 p. : 0aWomen legislators 0aWomen